| 000 | 00651nam a2200193 i 4500 | ||
|---|---|---|---|
| 001 | 146594 | ||
| 003 | ES-MaACL | ||
| 005 | 20230906201610.0 | ||
| 007 | t| | ||
| 008 | 070912s1931 mx ||||1| spa d | ||
| 100 | 1 |
_aToussaint, Manuel. _9111161 |
|
| 245 | 1 | 0 |
_aTasco _b: su historia, sus monumentos, características actules y posibilidades turísticas / _cManuel Toussaint. |
| 260 |
_aMéxico : _bCultura, _c1931. |
||
| 300 |
_a244 p., 8 lám. : _bil. ; _c30 cm. |
||
| 490 | 1 | _aPublicaciones de la Secretaria de Hacienda | |
| 830 | 0 |
_aPublicaciones de la Secretaria de Hacienda _9220865 |
|
| 852 |
_aES-MaACL _jA-2014 |
||
| 999 |
_c146594 _d146594 |
||